<?xml version="1.0" encoding="UTF-8"?>
<record
    xmlns:xsi="http://www.w3.org/2001/XMLSchema-instance"
    xsi:schemaLocation="http://www.loc.gov/MARC21/slim http://www.loc.gov/standards/marcxml/schema/MARC21slim.xsd"
    xmlns="http://www.loc.gov/MARC21/slim">

  <leader>00733cam a2200193   4500</leader>
  <controlfield tag="001">e  22000454 </controlfield>
  <controlfield tag="003">DLC</controlfield>
  <controlfield tag="005">20260227111213.0</controlfield>
  <controlfield tag="008">790613s1912    gw            000 0 ger c</controlfield>
  <datafield tag="010" ind1=" " ind2=" ">
    <subfield code="a">e  22000454 </subfield>
  </datafield>
  <datafield tag="040" ind1=" " ind2=" ">
    <subfield code="a">Library, U.S Bur. of Education  LC469.G3S3</subfield>
    <subfield code="c">DLC</subfield>
    <subfield code="d">DLC</subfield>
  </datafield>
  <datafield tag="043" ind1=" " ind2=" ">
    <subfield code="a">e-gx---</subfield>
  </datafield>
  <datafield tag="100" ind1="1" ind2=" ">
    <subfield code="a">Schmid, Franz,</subfield>
    <subfield code="c">Amtsgerichtsrat.</subfield>
  </datafield>
  <datafield tag="245" ind1="1" ind2="0">
    <subfield code="a">Ist die entm&#xFC;ndigung psychopathisch minderwertiger ratsam, und wann soll sie eingeleitet werden?</subfield>
    <subfield code="c">Von amtsgerichtsrat dr. F. Schmid ...</subfield>
  </datafield>
  <datafield tag="260" ind1=" " ind2=" ">
    <subfield code="a">Langensalza,</subfield>
    <subfield code="b">H. Beyer &amp; s&#xF6;hne,</subfield>
    <subfield code="c">1912.</subfield>
  </datafield>
  <datafield tag="300" ind1=" " ind2=" ">
    <subfield code="a">18 p.</subfield>
    <subfield code="c">24 cm.</subfield>
  </datafield>
  <datafield tag="490" ind1="0" ind2=" ">
    <subfield code="a">Beitr&#xE4;ge zur kinderforschung und heilerziehung. hft. 105</subfield>
  </datafield>
  <datafield tag="650" ind1=" " ind2="0">
    <subfield code="a">Children with mental disabilities</subfield>
    <subfield code="x">Education</subfield>
    <subfield code="z">Germany.</subfield>
  </datafield>
  <datafield tag="999" ind1=" " ind2=" ">
    <subfield code="c">20548</subfield>
    <subfield code="d">20548</subfield>
  </datafield>
</record>
